000 00341nam a22001577a 4500
003 MPLRDC
005 20220104114554.0
008 210129b ||||| |||| 00| 0 eng d
082 _a193 XCY
100 _a不详
245 _a传家宝
_c
260 _a
_b新企业图书出版社
_c
300 _b
650 _a
942 _cBK
_o193 XCY
999 _c8533
_d8523